Statistiques concernant Les plus grands pays de l'Empire mongol

Cliquez ici pour prendre le quiz!

Statistiques générales

  • Ce quiz a été pris 12 582 fois
  • Le résultat moyen est 8 sur 10

Statistiques - réponses

%km2Pays% Correct
999 500 000Chine
99%
254 280 000Russie
97%
1001 560 000Mongolie
95%
1002 730 000Kazakhstan
90%
65570 000Pakistan
76%
1001 650 000Iran
75%
100652 000Afghanistan
72%
100488 000Turkménistan
68%
65510 000Turquie
66%
98590 000Ukraine
55%

Distribution des résultats

Percentile par nombre de réponses

% des personnes avec chaque résultat

Votre développement - résultats

Vous n’avez pas pris ce quiz